000 00910nam a2200193 a 4500
008 100623s2001 ||||||||||||||||| || u
050 _aFAWE(02)
100 _aMasanja, Verdiana [et al]
245 1 0 _aFemale participation in African Universities: issues of concern and possible action.
_cby Verdiana Masanja [et al.]
260 _aNairobi:
_bForum for African Women Educationalists (FAWE)
_c2001
300 _a28p.: ill.
350 _a0.00
490 _aForum for African Women Educationalists (FAWE)
500 _aPaper presented by FAWE at the 10th General Assembly of the AAU on 5-9 February 2001 at Safari Park Hotel, Nairobi.
650 _aGENDER
650 _aGENDER--equity
710 _aForum for African Women Educationalists (FAWE)
995 _D0.00
_FCBU-MAIN LIBRARY (Kitwe)
_H1
_I0.00
_M1
_UAVAILABLE
_WJun 23, 2010
_ZUniversity Collection
999 _c43212
_d43212